000 00768nam a2200277 4500
003 OSt
005 20260601170955.0
008 260505b2006\\\\nyua||||\||||\00|\0\eng\d
020 _a006113743X
020 _a9780061137433
040 _aICI
_bspa
_cICI
041 _aeng
050 _aNC997
_bC73 2006
100 1 _aDavid E. Carter
245 0 _aCreativity 35 /
_ceditor, David E. Carter
246 3 _aCreativity thirty-five
264 _aNew York :
_bCollins Design,
_cc2006
300 _a400 páginas :
336 _atexto
_2rdacontent
337 _asin medio
_2rdamedia
338 _avolumen
_2rdacarrier
650 _aArte comercial
_zEstados Unidos
650 _aArte comercial
_vExposiciones
700 1 _aCarter, David E.,
_eeditor
942 _2lcc
_cB
_n1
999 _c19824
_d19824